Літопис українського життя в Канаді: піонерська доба 1874-1918 (Запис № 430645)

МАРК-запис
000 -LEADER
fixed length control field 00856nam a22002657a 4500
001 - CONTROL NUMBER
control field 50514
003 - CONTROL NUMBER IDENTIFIER
control field UA-OsUOA
005 - DATE AND TIME OF LATEST TRANSACTION
control field 20210621214415.0
007 - PHYSICAL DESCRIPTION FIXED FIELD--GENERAL INFORMATION
fixed length control field ta
008 - FIXED-LENGTH DATA ELEMENTS--GENERAL INFORMATION
fixed length control field 20140612b un ||||| |||| 00| 0 ukr d
040 ## - CATALOGING SOURCE
Original cataloging agency UA-OsUOA
Language of cataloging ukr
Transcribing agency UA-OsUOA
Modifying agency UA-OsUOA
041 ## - LANGUAGE CODE
Language code of text/sound track or separate title ukr
080 ## - UNIVERSAL DECIMAL CLASSIFICATION NUMBER
Universal Decimal Classification number 94(477).152 К
090 ## - LOCALLY ASSIGNED LC-TYPE CALL NUMBER (OCLC); LOCAL CALL NUMBER (OCLC)
Classification number (OCLC) (R) ; Classification number, CALL (RLIN) (NR) 94(477).152 К
Local cutter number (OCLC) ; Book number/undivided call number, CALL (RLIN) В65
100 ## - MAIN ENTRY--PERSONAL NAME
Personal name Войценко О.
245 ## - TITLE STATEMENT
Title Літопис українського життя в Канаді: піонерська доба 1874-1918
Number of part/section of a work т. 1
260 ## - PUBLICATION, DISTRIBUTION, ETC. (IMPRINT)
Place of publication, distribution, etc Вінніпег
Name of publisher, distributor, etc Тризуб
Date of publication, distribution, etc 1961
300 ## - PHYSICAL DESCRIPTION
Extent 295 с.
490 ## - SERIES STATEMENT
Том/ позначення послідовності т. 1
650 #7 - SUBJECT ADDED ENTRY--TOPICAL TERM
Topical term or geographic name as entry element 9 Географія. Біографії. Історія
Source of heading or term UDC
942 ## - ADDED ENTRY ELEMENTS (KOHA)
Koha item type Книги
Source of classification or shelving scheme Universal Decimal Classification
955 ## - COPY-LEVEL INFORMATION (RLIN)
Classification number, CCAL (RLIN) Наукові видання
Фонди
Withdrawn status Lost status Source of classification or shelving scheme Damaged status Not for loan Home library Current library Date acquired Source of acquisition Cost, normal purchase price Inventory number Total Checkouts Full call number Barcode Date last seen Price effective from Koha item type
    Universal Decimal Classification     Наукова бібліотека ІДУД Наукова бібліотека ІДУД 12/06/2014 311/2014 1.00 2136384   94(477).152 К В65 2136384 14/09/2019 12/06/2014 Книги
    Universal Decimal Classification     Наукова бібліотека ІДУД Наукова бібліотека ІДУД 15/05/2007 14/2006 1.00 2126805   94(477).152 В65 2126805 15/09/2019 15/05/2007 Книги